000 00599nam a2200205Ia 4500
003 OSt
005 20230316163939.0
008 210423s2007 xx 000 0 und d
020 _a761933263
040 _cAL
041 _aeng
082 _a808.222
_223
_bFOSE
100 _aFOSSARD (Esta De).
_975970
245 _aWriting and producing radio dramas: communication for behavior change.
260 _aNew Delhi
_bSage Publications
_c2007
300 _a325
_bPB
365 _b475
_cINR
906 _abehavior ; change. ; communication ; dramas: ; producing ; radio ; Writing
942 _2ddc
_cBK
999 _c155561
_d155561